Hezké chvilky sú skutočne bez záruky

Bibliographic Details
Main Author: Koželová, Soňa (Author)
Format: Article
Language:Slovak
PhysicalDescription:Fotogr.
ISSN:1337-219X
Subjects:

MARC

LEADER 00000nab a2200000 ar4500
001 vtls008963491
003 SK-MaSNL
005 20260303070750.0
008 070412c2007 xo mr|p|||||||000 b|slo
015 |a SNBRB2007/04  |2 snkbucl 
038 |a SNKBUCL 
040 |a SNKBUCL  |b slo  |c SNKBUCL  |e AACR2 
040 0 |a slo  |e AACR2 
041 0 |a slo 
044 |a xo  |c SK 
080 |a 791.221.27  |x (437.1/.2)  |2 2001 
100 1 |a Koželová, Soňa  |4 aut  |9 647502 
245 1 0 |a Hezké chvilky sú skutočne bez záruky  |c Soňa Koželová 
300 |b Fotogr. 
630 0 7 |a Hezké chvilky bez záruky (film)  |2 snkbucl  |9 1068535 
655 7 |a recenzie  |2 snkbucl  |9 21907 
773 0 |t Žurnál  |g Roč. I, č. 3 (2007), s. 51  |x 1337-219X 
852 |a SNK  |b KIS3GCP 
958 |a RC 
999 |c 1756829  |d 1758759